[Event "Samara Region-ch"]
[Site "Samara"]
[Date "2013.12.23"]
[Round "8"]
[White "Sorochan, Dmitry Vladimirovic"]
[Black "Sitdikov, Ratmir"]
[Result "0-1"]
[WhiteElo "2034"]
[BlackElo "2111"]
[PlyCount "76"]
[EventDate "2013.12.16"]
[EventType "tourn"]
[EventRounds "9"]
[EventCountry "RUS"]
[EventCategory "1"]
[SourceTitle "CBM 158 Extra"]
[Source "ChessBase"]
[SourceDate "2014.02.28"]
[SourceVersion "1"]
[SourceVersionDate "2014.02.28"]
[SourceQuality "1"]

1. d4 g6 2. Nf3 Bg7 3. g3 c5 4. d5 d6 5. Bg2 b5 6. 0-0 Nf6 7. a4 Bb7 8. e4 Nxe4 9. axb5 0-0 10. Re1 Nf6 11. c4 Nbd7 12. Nc3 Nb6 13. Qe2 Re8 14. Bg5 Qd7 15. Bxf6 Bxf6 16. Ne4 Bg7 17. Neg5 Bf6 18. Bh3 Qc7 19. Be6 Rf8 20. Qe4 Bc8 21. Qh4 h5 22. g4 fxe6 23. gxh5 exd5 24. Re6 Kg7 25. Qg3 Rh8 26. Nh4 Rxh5 27. f4 Rxg5 28. fxg5 Bd4+ 29. Kh1 Bxe6 30. Re1 Be5 31. Qd3 Bf7 32. Rf1 e6 33. Qf3 Nxc4 34. Qe2 Rh8 35. Nf3 Bxb2 36. Ne1 Qe7 37. Nd3 Be5 38. Nf4 Qxg5 0-1